Online Catalogue and eLibrary

Udarata maha karalla (Record no. 5295)

MARC details
000 -LEADER
fixed length control field 00454nam a2200145Ia 4500
005 - DATE AND TIME OF LATEST TRANSACTION
control field 20250704035558.0
008 - FIXED-LENGTH DATA ELEMENTS--GENERAL INFORMATION
fixed length control field 240331s9999 xx 000 0 und d
082 ## - DDC Classification
Item Number - Author Mark WIM
Class No. 954
100 ## - MAIN ENTRY--PERSONAL NAME
Personal name Wimalananada,T
245 #0 - TITLE STATEMENT
Title Udarata maha karalla
260 ## - PUBLICATION, DISTRIBUTION, ETC.
Place of publication, distribution, etc. Nugegoda
Name of publisher, distributor, etc. M.D.Gunasena Book & Co
Date of publication, distribution, etc. 1962
300 ## - PHYSICAL DESCRIPTION
Extent (e.g. Volumes, Pages etc.) 453 p .,
500 ## - GENERAL NOTE
General note Secret Documents about the Sinhalese Struggle for independence, known in history as the Great Rebellion of 1818
942 ## - Koha item type (Biblio)
Koha item type Books in Stacks (Lending)
Holdings
Lost status Damaged status Collection code Home library Current library Shelving location Date acquired Full call number Accession Number Item type
    Lending WERC Library WERC Library Social Science Cupboard 03/31/2024 954.93 WIM 3360 Books in Stacks (Lending)

© WERC Library